[Event "World Rapid Women 2025"]
[Site "Doha QAT"]
[Date "2025.12.28"]
[Round "9.34"]
[White "Yu, Jennifer"]
[Black "Kurmangaliyeva, Liya"]
[Result "1/2-1/2"]
[WhiteTitle "FM"]
[BlackTitle "FM"]
[WhiteElo "2276"]
[BlackElo "2339"]
[WhiteFideId "2078341"]
[BlackFideId "13725831"]
[EventDate "2025.12.26"]

1. Nf3 d5 2. c4 d4 3. g3 Nc6 4. Bg2 e5 5. d3 Nf6 6. e3 Bc5 7. O-O O-O 8. exd4
Nxd4 9. Nxe5 Re8 10. Bf4 Bd6 11. Re1 g5 12. Bxg5 Rxe5 13. Rxe5 Bxe5 14. Nc3 Ne6
15. Bh4 c6 16. Qe2 Bd4 17. Ne4 Ng7 18. Re1 Bf5 19. Qf3 Bxe4 20. dxe4 Be5 21. Rd1
Qe7 22. b3 Rd8 23. h3 c5 24. Rd5 Rxd5 25. cxd5 Bd4 26. Kh2 Nge8 27. Qf5 Qe5 28.
Qc8 Bxf2 29. Bxf6 Bxg3+ 30. Kh1 Qxf6 31. Qxe8+ Kg7 32. Qb5 Bd6 33. Qe2 Qa1+ 34.
Bf1 h5 35. Kg1 Qd4+ 36. Kh1 Qe5 37. Qg2+ Kf8 38. Be2 a6 39. a4 Qa1+ 40. Qf1 Qe5
41. Qg2 Qc3 42. Qf3 Qe1+ 43. Kg2 h4 44. Qg4 Bg3 45. Qf3 Qd2 46. Qg4 Ke7 47. Qf3
b5 48. axb5 axb5 49. Qd3 Qe1 50. Qe3 Kd6 1/2-1/2

[Event "World Rapid Women 2025"]
[Site "Doha QAT"]
[Date "2025.12.28"]
[Round "9.35"]
[White "Cori T., Deysi"]
[Black "Wang, Chuqiao"]
[Result "1-0"]
[WhiteTitle "IM"]
[BlackTitle "WIM"]
[WhiteElo "2349"]
[BlackElo "2235"]
[WhiteFideId "3801934"]
[BlackFideId "8631638"]
[EventDate "2025.12.26"]

1. Nf3 d5 2. g3 Nf6 3. Bg2 Bg4 4. c4 c6 5. Ne5 Be6 6. cxd5 Bxd5 7. Nf3 g6 8. Nc3
Bg7 9. d3 Bxf3 10. Bxf3 Nbd7 11. Qb3 Qb6 12. Qa3 Ne5 13. Bg2 O-O 14. Be3 Qc7 15.
O-O Qd7 16. h3 Nd5 17. Bc5 b6 18. Nxd5 bxc5 19. Nc3 c4 20. f4 Qd4+ 21. Kh1 Nd7
22. Rad1 Nb6 23. Bxc6 Rac8 24. Bg2 Qe3 25. Rf3 Qe6 26. d4 Rfd8 27. e3 Rd7 28.
Kh2 Nd5 29. Nxd5 Qxd5 30. Rf2 Qb5 31. Rfd2 e5 32. dxe5 Rxd2 33. Rxd2 Bf8 34.
Qxa7 Bc5 35. Qd7 Qb8 36. Bd5 Rc7 37. Bxf7+ Kg7 38. Qe8 Qb4 39. Qg8+ Kh6 40. Rg2
Bxe3 41. a3 Qc5 42. h4 Rc8 43. Be8 Qe7 44. Qf7 Qxe8 45. Qf6 Qd8 46. Qe6 Qe8 47.
Qf6 Qd8 48. Qe6 Qe8 49. Qg4 Rc7 50. Re2 Bc5 51. f5 Kg7 52. f6+ Kf7 53. e6+ Kxf6
54. Qf4+ Kg7 55. Qxc7+ Be7 56. Rf2 Kg8 57. Qd7 1-0

[Event "World Rapid Women 2025"]
[Site "Doha QAT"]
[Date "2025.12.28"]
[Round "9.36"]
[White "Balajayeva, Khanim"]
[Black "Wafa, Shahenda"]
[Result "1-0"]
[WhiteTitle "IM"]
[BlackTitle "WGM"]
[WhiteElo "2351"]
[BlackElo "2074"]
[WhiteFideId "13406396"]
[BlackFideId "10609962"]
[EventDate "2025.12.26"]

1. e4 c5 2. Nf3 Nc6 3. Bb5 g6 4. d3 Bg7 5. O-O e5 6. a3 Nge7 7. b4 d6 8. bxc5
dxc5 9. Bg5 Bd7 10. Nc3 h6 11. Bxc6 Bxc6 12. Be3 b6 13. Nd2 O-O 14. a4 f5 15. f3
g5 16. Bf2 f4 17. a5 h5 18. axb6 axb6 19. Rxa8 Bxa8 20. Qb1 Nc8 21. Qa2+ Rf7 22.
Qxa8 g4 23. Ra1 Kh7 24. Qb8 Rf8 25. Ra8 Qg5 26. Qc7 g3 27. Rxc8 gxf2+ 28. Kf1
Rf6 29. Qd8 Qh4 30. Nd5 Qxh2 31. Nxf6+ Bxf6 32. Rc7+ Bg7 33. Rxg7+ Kxg7 34. Qg5+
Kf7 35. Kxf2 Qh1 36. Nf1 h4 37. Qf5+ Kg8 38. Qxe5 h3 39. Qe6+ 1-0

[Event "World Rapid Women 2025"]
[Site "Doha QAT"]
[Date "2025.12.28"]
[Round "9.37"]
[White "Shvedova, Alexandra"]
[Black "Kirtadze, Anastasia"]
[Result "1/2-1/2"]
[WhiteTitle "WIM"]
[BlackTitle "WIM"]
[WhiteElo "2255"]
[BlackElo "2281"]
[WhiteFideId "54154782"]
[BlackFideId "13622714"]
[EventDate "2025.12.26"]

1. c4 c5 2. Nf3 Nc6 3. Nc3 Nf6 4. g3 d5 5. d4 cxd4 6. Nxd4 dxc4 7. Nxc6 Qxd1+ 8.
Nxd1 bxc6 9. Bg2 Bb7 10. Bd2 O-O-O 11. Rc1 e6 12. Ne3 c5 13. Bxb7+ Kxb7 14. Nxc4
Be7 15. O-O h5 16. Bg5 Rd5 17. h4 Rhd8 18. e4 Rd4 19. e5 Nd5 20. Bxe7 Nxe7 21.
Nd6+ Kc6 22. Nxf7 R8d5 23. Ng5 Kd7 24. Nf3 Rd3 25. Kg2 Nc6 26. Rce1 Nb4 27. Re4
Nc6 28. Rc1 Nd4 29. Nxd4 cxd4 30. Re2 Rb5 31. Rc4 Ra5 32. a3 Rd5 33. Ra4 a5 34.
Rc4 Rb3 35. Rd2 d3 36. f4 Rxb2 37. Rxb2 d2 38. Rb7+ Kd8 39. Rb1 d1=Q 40. Rxd1
Rxd1 41. Rc5 Rd2+ 42. Kh3 a4 43. Rc4 Ke7 44. Rxa4 Ra2 45. Ra7+ Kf8 46. g4 hxg4+
47. Kxg4 Rg2+ 48. Kf3 Rh2 49. Kg3 Ra2 50. a4 Ra1 51. a5 Ra2 52. f5 exf5 53. e6
Ra4 54. Rf7+ Ke8 55. Rxg7 Rxa5 56. Kf4 Ra4+ 57. Ke5 Rxh4 58. Rg8+ Ke7 59. Rg7+
Ke8 60. Ra7 Rh1 61. Rb7 f4 62. Rf7 Rh5+ 63. Kd6 Rh1 64. Re7+ Kd8 65. Rd7+ Ke8
66. Rg7 Rd1+ 67. Ke5 Rh1 68. Rg6 Ke7 69. Rg7+ Ke8 70. e7 f3 71. Rg8+ Kxe7 72.
Rg7+ Ke8 73. Rg8+ Ke7 74. Rg7+ Ke8 75. Rg8+ Kf7 76. Rg3 Re1+ 77. Kd4 Rf1 78. Ke3
f2 79. Rf3+ Ke6 80. Rxf2 Rxf2 81. Kxf2 1/2-1/2

[Event "World Rapid Women 2025"]
[Site "Doha QAT"]
[Date "2025.12.28"]
[Round "9.38"]
[White "Sharma, Isha"]
[Black "Girya, Olga"]
[Result "1/2-1/2"]
[WhiteTitle "WIM"]
[BlackTitle "GM"]
[WhiteElo "2245"]
[BlackElo "2398"]
[WhiteFideId "35006665"]
[BlackFideId "4195752"]
[EventDate "2025.12.26"]

1. e4 e5 2. Nf3 Nc6 3. Bb5 a6 4. Ba4 Nf6 5. O-O Nxe4 6. d4 b5 7. Bb3 d5 8. dxe5
Be6 9. c3 Be7 10. Nbd2 Qd7 11. Re1 Nc5 12. Bc2 d4 13. cxd4 Nxd4 14. Nxd4 Qxd4
15. Nb3 Qxd1 16. Rxd1 Rd8 17. Rxd8+ Kxd8 18. Nd4 Bd5 19. Nf5 g6 20. Nxe7 Kxe7
21. Be3 Nd7 22. f4 c5 23. a4 Rb8 24. axb5 Rxb5 25. Bc1 Nb8 26. g4 a5 27. Kf2 Nc6
28. Ba4 Rb4 29. Bxc6 Bxc6 30. Rxa5 Rc4 31. Be3 Rc2+ 32. Kf1 Rxb2 33. Rxc5 Bd7
34. h3 h5 35. Rc7 hxg4 36. hxg4 Ke8 37. Bc5 Rc2 38. Bd6 Rxc7 1/2-1/2

[Event "World Rapid Women 2025"]
[Site "Doha QAT"]
[Date "2025.12.28"]
[Round "9.39"]
[White "Mkrtchyan, Mariam"]
[Black "Zhurova, Anna"]
[Result "1-0"]
[WhiteTitle "WIM"]
[BlackTitle "WFM"]
[WhiteElo "2353"]
[BlackElo "2299"]
[WhiteFideId "13310828"]
[BlackFideId "54113075"]
[EventDate "2025.12.26"]

1. d4 d5 2. Nf3 e6 3. c4 c5 4. cxd5 exd5 5. g3 Nc6 6. Bg2 Nf6 7. O-O c4 8. Nc3
Be7 9. Ne5 O-O 10. Nxc6 bxc6 11. b3 cxb3 12. axb3 Bf5 13. Ba3 Re8 14. e3 h5 15.
Bxe7 Rxe7 16. Na4 h4 17. Nc5 Qc8 18. Ra2 g6 19. Qe2 Kg7 20. Qa6 Qc7 21. Rc1 hxg3
22. hxg3 Rh8 23. Nd3 Qb8 24. Ne5 Qxb3 25. Qa3 Qb7 26. Rb2 Qc7 27. Rxc6 Qd8 28.
Rxf6 Kxf6 29. Nc6 Rc7 30. Nxd8 Rc1+ 31. Bf1 Be4 32. f3 Bxf3 33. Rb6+ axb6 34.
Qxc1 Rxd8 35. Qc7 Re8 36. Qf4+ 1-0

[Event "World Rapid Women 2025"]
[Site "Doha QAT"]
[Date "2025.12.28"]
[Round "9.40"]
[White "Vo, Thi Kim Phung"]
[Black "Kulon, Klaudia"]
[Result "1-0"]
[WhiteTitle "WGM"]
[BlackTitle "IM"]
[WhiteElo "2322"]
[BlackElo "2335"]
[WhiteFideId "12401838"]
[BlackFideId "1131044"]
[EventDate "2025.12.26"]

1. d4 Nf6 2. c4 g6 3. Nc3 Bg7 4. e4 O-O 5. Be2 d6 6. Be3 e5 7. d5 Nbd7 8. Nf3
Nc5 9. Nd2 a5 10. h3 b6 11. g4 Bd7 12. Qc2 c6 13. g5 Ne8 14. h4 f5 15. O-O-O
cxd5 16. Bxc5 bxc5 17. cxd5 Nc7 18. Kb1 Rb8 19. Ka1 h5 20. gxh6 Bxh6 21. Rdg1
Kh7 22. Nf3 fxe4 23. Ng5+ Bxg5 24. Rxg5 Rf4 25. f3 Rb4 26. fxe4 Be8 27. a3 Rd4
28. Qc1 Qf6 29. Qg1 Rd2 30. h5 Rf2 31. hxg6+ Kg8 32. g7 1-0

[Event "World Rapid Women 2025"]
[Site "Doha QAT"]
[Date "2025.12.28"]
[Round "9.42"]
[White "Rakshitta, Ravi"]
[Black "Mamedjarova, Zeinab"]
[Result "1-0"]
[WhiteTitle "WGM"]
[BlackTitle "WGM"]
[WhiteElo "2381"]
[BlackElo "2155"]
[WhiteFideId "25073230"]
[BlackFideId "13401521"]
[EventDate "2025.12.26"]

1. e4 d5 2. exd5 Qxd5 3. Nc3 Qd8 4. d4 Nf6 5. Nf3 e6 6. Bg5 Be7 7. Bd3 O-O 8.
Qe2 Nc6 9. O-O-O Nb4 10. Bc4 c6 11. a3 Nbd5 12. Ne4 b5 13. Bd3 Qc7 14. Nxf6+
Bxf6 15. h4 b4 16. Qe4 g6 17. axb4 a5 18. Bxf6 Nxf6 19. Qe5 Qe7 20. h5 axb4 21.
hxg6 fxg6 22. Qg5 Ba6 23. Bxg6 hxg6 24. Rh6 Bd3 25. cxd3 Ra1+ 26. Kd2 Rxd1+ 27.
Kxd1 Rf7 28. Rxg6+ Kf8 29. Ne5 1-0

[Event "World Rapid Women 2025"]
[Site "Doha QAT"]
[Date "2025.12.28"]
[Round "9.43"]
[White "Nguyen Hong Anh"]
[Black "Bulmaga, Irina"]
[Result "0-1"]
[WhiteTitle "WIM"]
[BlackTitle "IM"]
[WhiteElo "2010"]
[BlackElo "2389"]
[WhiteFideId "12406732"]
[BlackFideId "13903063"]
[EventDate "2025.12.26"]

1. d4 Nf6 2. c4 e6 3. Nc3 Bb4 4. Qc2 O-O 5. a3 Bxc3+ 6. Qxc3 d5 7. Bg5 dxc4 8.
Qxc4 b6 9. Rd1 Ba6 10. Qa4 h6 11. Bh4 Qe7 12. Nf3 Rd8 13. Ne5 g5 14. Bg3 c5 15.
e3 Bxf1 16. Kxf1 cxd4 17. Rxd4 Rxd4 18. Qxd4 Nbd7 19. Nc6 Qc5 20. Qxc5 Nxc5 21.
Ke2 Nd5 22. Be5 a5 23. Bd4 Nb3 24. Kd3 Rc8 25. Na7 Rd8 26. Nc6 Rd6 27. Ne5 Nxd4
28. exd4 Nf4+ 29. Kc4 Nxg2 30. Nd3 Nh4 31. Ne5 Nf5 32. Rd1 Kg7 33. d5 Ne7 34.
Kb5 Nxd5 35. Rc1 f6 36. Nf3 Nf4 37. Rc2 Rd3 38. Nd2 Nd5 39. Nc4 g4 40. Kc6 Rb3
41. Re2 Nf4 42. Rd2 Nd3 43. Kc7 a4 44. Rc2 h5 45. Nxb6 Nxb2 46. Re2 e5 47. Kc6
Nd3 48. Nxa4 Rxa3 49. Nb6 Nf4 50. Rd2 Rd3 51. Ra2 Rc3+ 52. Kd6 Rd3+ 53. Kc6 Kg6
54. Nc4 Rc3 55. Kb5 Rb3+ 56. Kc5 Nd3+ 57. Kd6 Rb4 58. Ne3 Rb2 59. Ra8 Rxf2 60.
Rg8+ Kh7 61. Rf8 Kg7 62. Ke7 Nb4 63. Rf7+ Kg6 64. Ke6 Nc6 65. Rf8 Nd4+ 66. Kd5
Kg7 0-1

[Event "World Rapid Women 2025"]
[Site "Doha QAT"]
[Date "2025.12.28"]
[Round "9.44"]
[White "Toncheva, Nadya"]
[Black "Iudina, Veronika"]
[Result "1-0"]
[WhiteTitle "FM"]
[BlackTitle "WFM"]
[WhiteElo "2362"]
[BlackElo "2204"]
[WhiteFideId "2924056"]
[BlackFideId "24277916"]
[EventDate "2025.12.26"]

1. e4 e5 2. Nf3 Nc6 3. Bb5 a6 4. Ba4 Nf6 5. O-O b5 6. Bb3 Bc5 7. c3 d6 8. d4 Bb6
9. a4 Rb8 10. Qd3 O-O 11. axb5 axb5 12. Qxb5 Bd7 13. Qd3 exd4 14. cxd4 Nxd4 15.
Nxd4 Bxd4 16. Bxf7+ Rxf7 17. Qxd4 Bb5 18. Re1 Ng4 19. Be3 Qh4 20. h3 Ne5 21. Nd2
Rbf8 22. f4 Nd3 23. Rf1 Nc5 24. Rf3 Bc6 25. Qc4 Qe7 26. Bxc5 dxc5 27. Rc1 Rd8
28. Rf2 Bb7 29. Qxc5 Qh4 30. Qc4 g6 31. Qb3 Ba8 32. Rxc7 Bd5 33. Qc3 Rxc7 34.
Qxc7 Be6 35. Qe5 Bf7 36. Qg5 Qxg5 37. fxg5 Rd4 38. Re2 Rb4 39. Nf3 Bc4 40. Rd2
Be6 41. e5 Kf7 42. Kf2 Rb3 43. Nd4 Rb4 44. Ke3 Bd5 45. Rc2 Ke8 46. g3 Kd7 47.
Rd2 Ke7 48. h4 Ke8 49. Kd3 Ke7 50. Rc2 Kd7 51. Rc5 Ba8 52. Kc3 Rb8 53. b4 Rf8
54. Ra5 Be4 55. Ra7+ Ke8 56. Rxh7 Rf2 57. b5 Rg2 58. b6 Rxg3+ 59. Kb4 Rg4 60.
Kc5 1-0

[Event "World Rapid Women 2025"]
[Site "Doha QAT"]
[Date "2025.12.28"]
[Round "9.45"]
[White "Zherebtsova, Alexandra"]
[Black "Bodnaruk, Anastasia"]
[Result "1/2-1/2"]
[WhiteTitle "FM"]
[BlackTitle "IM"]
[WhiteElo "2307"]
[BlackElo "2357"]
[WhiteFideId "24129518"]
[BlackFideId "4181751"]
[EventDate "2025.12.26"]

1. d4 Nf6 2. c4 g6 3. Nc3 Bg7 4. e4 d6 5. h4 h5 6. Be2 O-O 7. Bg5 Nh7 8. Be3 e5
9. d5 Na6 10. a3 f5 11. exf5 Bxf5 12. g4 hxg4 13. Bxg4 Nc5 14. Bxf5 gxf5 15.
Nge2 Nd7 16. Qc2 Kh8 17. O-O-O Qe7 18. f3 a6 19. Kb1 Rab8 20. a4 Qf7 21. h5 Rg8
22. Rdg1 f4 23. Bf2 Bf6 24. Rg6 Ndf8 25. Rhg1 Rg7 26. Qf5 Nxg6 27. hxg6 Qd7 28.
Qxd7 Rxd7 29. gxh7 Rg7 30. Ne4 Rxg1+ 31. Nxg1 Kg7 32. c5 Be7 33. cxd6 cxd6 34.
Nh3 Kg6 35. Bb6 Rh8 36. Kc2 Rxh7 37. Nhf2 Bf8 38. Kd3 Kf5 39. Ng4 Rh1 40. Ba5
Rd1+ 41. Bd2 Be7 42. Ke2 Rb1 43. Bc3 Kg6 44. Ngf2 Rg1 45. Bb4 Ra1 46. Ba3 Kf7
47. Nxd6+ Kf8 48. Nc4 Bxa3 49. Nxa3 Ke7 50. Nd3 Kd6 51. Nc4+ Kxd5 52. Ncxe5 Rxa4
53. Ng6 Ra1 54. Ngxf4+ Kc4 55. Kd2 Rf1 56. Ke2 Rh1 57. Ke3 a5 58. Ng6 b5 59.
Nge5+ Kb3 60. Nc6 a4 61. f4 Rh3+ 62. Ke4 Rh4 63. Ke5 Kc4 64. Ncb4 Rh3 65. f5
Re3+ 66. Kf4 Re8 67. f6 Kb3 1/2-1/2

[Event "World Rapid Women 2025"]
[Site "Doha QAT"]
[Date "2025.12.28"]
[Round "9.46"]
[White "Nomin-Erdene, Davaademberel"]
[Black "Druzhinina, Olga"]
[Result "1-0"]
[WhiteTitle "IM"]
[BlackTitle "WFM"]
[WhiteElo "2312"]
[BlackElo "2175"]
[WhiteFideId "4900782"]
[BlackFideId "4141911"]
[EventDate "2025.12.26"]

1. e4 c5 2. Nf3 d6 3. d4 cxd4 4. Nxd4 Nf6 5. Nc3 a6 6. Be3 e5 7. Nf3 Be7 8. Bc4
O-O 9. O-O Nc6 10. Qe2 Na5 11. Bd3 Be6 12. Na4 b5 13. Bb6 Qb8 14. Bxa5 bxa4 15.
Bc3 Qb7 16. a3 h6 17. Nd2 Rfc8 18. Kh1 Nd7 19. f3 Qc6 20. Rfd1 Bg5 21. Nf1 Re8
22. Ne3 Bxe3 23. Qxe3 d5 24. exd5 Bxd5 25. Bf5 Rad8 26. Ba5 Be6 27. Bxe6 Qxe6
28. Bxd8 Rxd8 29. Rd2 Rc8 30. Rad1 Nf8 31. Qe4 Qe7 32. Qxa4 Ne6 33. Qxa6 Qd8 1-0

[Event "World Rapid Women 2025"]
[Site "Doha QAT"]
[Date "2025.12.28"]
[Round "9.47"]
[White "Aydin, Gulenay"]
[Black "Krasteva, Beloslava"]
[Result "0-1"]
[WhiteTitle "WIM"]
[BlackTitle "FM"]
[WhiteElo "2259"]
[BlackElo "2339"]
[WhiteFideId "34557431"]
[BlackFideId "2922029"]
[EventDate "2025.12.26"]

1. e4 d6 2. d4 Nf6 3. Nc3 e5 4. Nf3 Nbd7 5. Rg1 h5 6. h3 c6 7. Be3 Be7 8. a4 Qa5
9. Bd3 a6 10. g4 hxg4 11. hxg4 Nf8 12. Nd2 Ng6 13. Nc4 Qc7 14. dxe5 dxe5 15. a5
Be6 16. g5 Nd7 17. Nb6 Nxb6 18. Bxb6 Qd7 19. Ne2 Bd8 20. Bc5 Be7 21. Bb6 c5 22.
b3 Qc6 23. Qd2 Bd8 24. Bxd8 Rxd8 25. Qc3 Rc8 26. Ra4 Rh4 27. f3 Rh3 28. Rg3 Rh2
29. Kf1 Ke7 30. Ke1 Rch8 31. Bc4 Qd6 32. Bxe6 fxe6 33. Qd3 Rxe2+ 34. Qxe2 Rh1+
35. Kf2 Nf4 36. Qe3 Rh2+ 37. Kg1 Rxc2 38. Ra1 Ne2+ 39. Kh2 Nxg3+ 40. Kxg3 Qd4
41. Qe1 Qb2 42. Qf1 Qxb3 43. Rd1 Qc4 44. Qg1 Rc3 45. Qf2 Qxe4 46. Rd2 Qf4+ 47.
Kg2 Qxg5+ 48. Kh2 Rc4 49. Kh3 Qh6+ 50. Kg2 Qg6+ 51. Kh3 Qf5+ 52. Kg2 e4 53. Rb2
exf3+ 54. Kh2 Qh5+ 55. Kg1 Rg4+ 0-1

[Event "World Rapid Women 2025"]
[Site "Doha QAT"]
[Date "2025.12.28"]
[Round "9.48"]
[White "Luong Phuong Hanh"]
[Black "Kaliakhmet, Elnaz"]
[Result "0-1"]
[WhiteTitle "WIM"]
[BlackTitle "WIM"]
[WhiteElo "2236"]
[BlackElo "2329"]
[WhiteFideId "12401013"]
[BlackFideId "13730169"]
[EventDate "2025.12.26"]

1. Nf3 d5 2. d4 Nf6 3. c4 e6 4. g3 dxc4 5. Bg2 a6 6. O-O Nc6 7. e3 Bd7 8. Qc2 b5
9. e4 Be7 10. Nc3 O-O 11. d5 exd5 12. exd5 Nb4 13. Qd1 Nd3 14. Nd4 Bc5 15. Be3
Nxb2 16. Qc2 Nd3 17. Ne4 Be7 18. Nxf6+ Bxf6 19. Be4 Re8 20. Bg2 Rb8 21. Rad1 Qc8
22. Nc6 Bxc6 23. dxc6 Qe6 24. a3 a5 25. Rxd3 cxd3 26. Qxd3 Red8 27. Qb1 b4 28.
axb4 Rxb4 29. Qc2 a4 30. Bf4 a3 31. Bxc7 Rc8 32. Ba5 Rb2 33. Qd3 a2 34. Bd5 Qe7
35. Qf5 Rf8 36. c7 g6 37. Qg4 Qc5 38. Qf3 Kg7 39. Bb7 Rb1 0-1

[Event "World Rapid Women 2025"]
[Site "Doha QAT"]
[Date "2025.12.28"]
[Round "9.49"]
[White "Olde, Margareth"]
[Black "Gu, Xiaobing"]
[Result "0-1"]
[WhiteTitle "WIM"]
[BlackTitle "WGM"]
[WhiteElo "2214"]
[BlackElo "2106"]
[WhiteFideId "4503082"]
[BlackFideId "8602611"]
[EventDate "2025.12.26"]

1. d4 Nf6 2. c4 g6 3. Nc3 Bg7 4. e4 d6 5. h3 O-O 6. Be3 e5 7. d5 a5 8. g4 Na6 9.
Nge2 Nd7 10. Ng3 Ndc5 11. Qd2 c6 12. Be2 cxd5 13. cxd5 Bd7 14. Nb5 Qb6 15. Na3
Qd8 16. Nc4 b5 17. Nxa5 Bf6 18. O-O Bh4 19. Bf3 h5 20. a3 hxg4 21. hxg4 Qc8 22.
Qe2 Bd8 23. Nc6 Bxc6 24. dxc6 Qxc6 25. Rac1 Qd7 26. Rfd1 Ne6 27. Qd2 Be7 28. Kg2
Rfc8 29. Ne2 Nac5 30. Rc3 Qb7 31. Ng3 Rd8 32. b4 Na4 33. Rc2 Nb6 34. Be2 d5 35.
Bxb5 d4 36. Bh6 Rxa3 37. Bc6 Qa6 38. b5 Qa4 39. Rdc1 Qb3 40. Kg1 Bb4 41. Qd1 d3
42. Rd2 Bxd2 43. Qxd2 Ra2 44. Qd1 Qb2 45. Be3 Na4 46. Bd5 Ra3 47. b6 Nxb6 48.
Rb1 Qc2 49. Bxb6 Rb8 50. Qxc2 dxc2 51. Rc1 Rxb6 52. Rxc2 Nf4 53. Rc8+ Kg7 54.
Re8 Ra1+ 55. Kh2 Rb2 56. Nh1 Nxd5 57. exd5 f6 58. d6 Rd1 59. Re7+ Kh6 60. Re6
Kg5 61. Kg2 Rdd2 62. Kf3 Rb3+ 63. Kg2 Rbd3 64. Ng3 Kxg4 65. Rxf6 Rxg3+ 66. Kf1
Rgd3 67. Rxg6+ Kf5 0-1

[Event "World Rapid Women 2025"]
[Site "Doha QAT"]
[Date "2025.12.28"]
[Round "9.50"]
[White "Karimova, Guldona"]
[Black "Nandhidhaa, P V"]
[Result "1/2-1/2"]
[WhiteTitle "WIM"]
[BlackTitle "WGM"]
[WhiteElo "2288"]
[BlackElo "2257"]
[WhiteFideId "14210410"]
[BlackFideId "5050847"]
[EventDate "2025.12.26"]

1. e4 e6 2. d4 d5 3. Nd2 c5 4. exd5 Qxd5 5. Ngf3 cxd4 6. Bc4 Qd8 7. O-O Nc6 8.
Nb3 a6 9. a4 Qc7 10. Nbxd4 Nxd4 11. Qxd4 Qc5 12. Bf4 Qxd4 13. Nxd4 Ne7 14. a5
Bd7 15. Bb3 Nc6 16. Nxc6 Bxc6 17. c3 Be7 18. Ba4 Bxa4 19. Rxa4 Rd8 20. Rc4 Rd7
21. Be5 f6 22. Bd4 e5 23. Bb6 Kf7 24. Re1 Re8 25. Kf1 Bf8 26. f3 Re6 27. Rc8 Be7
28. Rc7 Rxc7 29. Bxc7 Rc6 30. Bb6 Bc5 31. Bxc5 Rxc5 32. Ra1 Ke6 33. Ke2 Kd6 34.
Kd3 Rd5+ 35. Kc2 Kc5 36. Ra4 Kc6 37. Rc4+ Rc5 38. Rh4 h6 39. b4 Rd5 40. Rg4 g5
41. h4 Rd7 42. Rc4+ Kd5 43. Kd3 Ke6+ 44. Ke2 f5 45. Rc8 gxh4 46. Rh8 Rg7 47.
Rxh6+ Kd5 48. Rxh4 Rxg2+ 49. Kd3 f4 50. Rh6 e4+ 51. fxe4+ Ke5 52. Rh5+ Ke6 53.
Rf5 Rf2 54. c4 f3 55. b5 Ra2 56. Rxf3 axb5 57. cxb5 Rxa5 58. Rf5 Ra4 59. Rd5 Rb4
60. Rc5 Kd6 61. Rh5 b6 62. Rh6+ Kc5 63. Rh5+ Kd6 64. Rh6+ Kc5 65. Rh5+ Kd6 66.
Ke3 Rb1 67. Rd5+ Ke6 68. Kf3 Rf1+ 69. Ke2 Rb1 70. Rh5 Kd6 71. Kd2 Rb4 72. Kd3
Rb1 73. Kc3 Rc1+ 74. Kd3 Rb1 75. Kc2 Rb4 76. Kd3 Rb1 77. e5+ 1/2-1/2

[Event "World Rapid Women 2025"]
[Site "Doha QAT"]
[Date "2025.12.28"]
[Round "9.51"]
[White "Serikbay, Assel"]
[Black "Mgeladze, Kesaria"]
[Result "0-1"]
[WhiteTitle "WIM"]
[BlackTitle "WIM"]
[WhiteElo "2221"]
[BlackElo "2195"]
[WhiteFideId "13706799"]
[BlackFideId "13621130"]
[EventDate "2025.12.26"]

1. d4 Nf6 2. c4 e6 3. Nc3 Bb4 4. e3 O-O 5. Bd3 d5 6. a3 Bxc3+ 7. bxc3 dxc4 8.
Bxc4 c5 9. Nf3 Nc6 10. O-O Qc7 11. Bb2 e5 12. d5 e4 13. dxc6 exf3 14. Qxf3 Bg4
15. Qg3 Qxc6 16. Ba2 c4 17. f3 Be6 18. Rad1 Nd5 19. Qf2 Nb6 20. Rd4 Na4 21. Bb1
Nc5 22. Rfd1 Qc7 23. Qh4 g6 24. Qf6 Qb6 25. R4d2 Nb3 26. Re2 Rad8 27. Bc2 Nc5
28. Rb1 Nd3 29. Bc1 Nxc1 30. Rxc1 Rd2 31. Kf2 Rxe2+ 32. Kxe2 Qb2 33. Kd2 Qxa3
34. Be4 Qd6+ 35. Ke2 Qxh2 36. f4 Qh5+ 37. Kf2 Bd5 38. Qd4 Bxe4 39. Qxe4 Qb5 40.
Rb1 Qa4 41. Rxb7 Qa2+ 42. Kf3 a5 43. Rc7 a4 44. f5 Qd2 45. Rxc4 Qd1+ 46. Kg3 a3
47. Ra4 Qe1+ 48. Kh2 Qxc3 49. Qd4 Qxd4 50. exd4 Rd8 51. fxg6 hxg6 52. Kg3 a2 53.
Rxa2 Rxd4 54. Kf3 Kg7 55. Ra6 Kh6 56. Rf6 Kg7 57. Ra6 f5 58. Ra5 Kh6 59. Rb5 Kg5
60. Kg3 Rd3+ 61. Kf2 Kg4 62. Rb4+ f4 63. Rb2 g5 64. Ra2 Kh4 65. Ra8 Rd2+ 66. Kf3
g4+ 67. Kxf4 Rf2+ 68. Ke3 Kg3 69. Rg8 Rxg2 70. Rh8 Ra2 71. Rg8 Ra7 72. Ke2 Rf7
73. Rg6 Kh3 74. Rg8 g3 75. Rh8+ Kg2 76. Rg8 Kh2 77. Rh8+ Kg1 78. Rg8 g2 79. Rh8
Re7+ 80. Kd2 Re5 81. Rh7 Kf2 82. Rf7+ Kg3 83. Rg7+ Kf3 0-1

[Event "World Rapid Women 2025"]
[Site "Doha QAT"]
[Date "2025.12.28"]
[Round "9.52"]
[White "Yakimova, Mariya"]
[Black "Khalilova, Madinabonu"]
[Result "1/2-1/2"]
[WhiteTitle "WFM"]
[BlackTitle "WCM"]
[WhiteElo "2241"]
[BlackElo "2241"]
[WhiteFideId "34188859"]
[BlackFideId "14223422"]
[EventDate "2025.12.26"]

1. d4 Nf6 2. Nf3 g6 3. c4 Bg7 4. Nc3 d5 5. Bg5 Ne4 6. Bf4 Nxc3 7. bxc3 O-O 8.
cxd5 Qxd5 9. e3 Qa5 10. Qd2 c5 11. Be2 Nc6 12. h4 Bg4 13. O-O Rfd8 14. Ng5 Bxe2
15. Qxe2 cxd4 16. cxd4 Rac8 17. Rac1 e5 18. Qc4 Qd5 19. Qxd5 Rxd5 20. dxe5 Bxe5
21. Bxe5 Rxe5 22. Rfd1 Re7 23. g4 Rcc7 24. Kg2 f6 25. Nh3 Rcd7 26. g5 fxg5 27.
hxg5 Rxd1 28. Rxd1 Ne5 29. Kg3 Kf7 30. e4 Rd7 31. Rc1 Rd3+ 32. Kg2 Nc6 33. Nf4
Rd2 34. a3 Ra2 35. Rc3 Ke7 36. Rh3 Kd6 37. Rxh7 Ne7 38. Rh3 a5 39. Re3 Ke5 40.
Ne2 b5 41. f4+ Kd6 42. Kf3 b4 43. axb4 axb4 44. Nd4 Kc5 45. Nb3+ Kc4 46. Kg4
Rg2+ 47. Kh3 Ra2 48. e5 Nf5 49. Rf3 Kd5 50. Kg4 Rg2+ 51. Kh3 Rc2 52. Na5 Ke4 53.
Rb3 Rc3+ 54. Rxc3 bxc3 55. Kg4 c2 56. Nb3 Ke3 57. e6 Ke2 58. Nc1+ Kd1 59. Na2
Ke2 60. Nc3+ Kd2 61. Na2 Ke3 62. Nc1 Ke4 63. Na2 Ke3 64. Nc1 Ne7 65. Kg3 Kd2 66.
Na2 Nd5 67. f5 gxf5 68. g6 Ke3 69. g7 Ne7 70. Kg2 f4 71. Kf1 f3 72. Nc1 Ng8 73.
Na2 f2 74. Nc1 Kf3 75. Nb3 Ke3 76. Nc1 Ne7 77. Nb3 Ng8 78. Nc1 Kf3 79. Nb3 1/2-1/2

[Event "World Rapid Women 2025"]
[Site "Doha QAT"]
[Date "2025.12.28"]
[Round "9.53"]
[White "Dimitrijevic, Aleksandra"]
[Black "Machlik, Monika"]
[Result "1-0"]
[WhiteTitle "WGM"]
[WhiteElo "2063"]
[BlackElo "2084"]
[WhiteFideId "929239"]
[BlackFideId "1513621"]
[EventDate "2025.12.26"]

1. d4 Nf6 2. c4 e6 3. g3 Bb4+ 4. Bd2 a5 5. Bg2 d6 6. Nf3 Nc6 7. O-O e5 8. Bc3
Qe7 9. d5 Nb8 10. a3 Bc5 11. b4 Ba7 12. c5 Nbd7 13. c6 bxc6 14. dxc6 Nf8 15. e3
Ne6 16. Bb2 O-O 17. Nc3 Rb8 18. Nd5 Nxd5 19. Qxd5 Nd8 20. Nd2 axb4 21. axb4 Bb6
22. Nc4 Be6 23. Qd3 f5 24. Bc3 e4 25. Qe2 Nxc6 26. Nxb6 Rxb6 27. f3 exf3 28.
Qxf3 Nxb4 29. e4 c5 30. exf5 Bd5 31. f6 gxf6 32. Qg4+ Qg7 33. Bxd5+ Nxd5 34. Qc4
Qg5 35. Rad1 Qe3+ 36. Rf2 Qxc3 37. Qxd5+ Kh8 38. Rdf1 Qe5 39. Qd2 d5 40. Qh6 Qe7
41. Re2 Qg7 42. Qh5 Rd6 43. Rfe1 Qg6 44. Qh4 Rd7 45. Re6 d4 46. Rf1 d3 47. Qc4
d2 48. Qxc5 Rfd8 49. Rexf6 Qxf6 50. Rxf6 d1=Q+ 51. Kg2 Qd2+ 52. Kh3 Rd6 53. Qe5
Kg8 54. Re6 Rxe6 55. Qxe6+ Kg7 56. Qe7+ Kg6 57. Qe6+ Kg7 58. Qe7+ Kg6 59. Qe6+
Kh5 60. g4+ Kg5 61. Qf5+ Kh6 62. Qf6# 1-0